000 00692nam a22002177a 4500
005 20160718143046.0
010 _aENG-114441
020 _c500.00
_a9788186383360
035 _aEN-97973
037 _bDBAD/PUB
082 _a954.09
100 _aChatterjee, Suranjan
245 _aHistory of modern India 1707-1964 /
_cby Suranjan Chatterjee [and] Siddhartha Guha Ray
250 _a2nd rev. & enl.ed
260 _aKolkata
_bProgressive Publishers
_c2015
270 _a37A, College Street
_bKolkata
_e700073
300 _a880p.
_c23cm(pbk)
500 _aIncludes bibliographical references and index
700 _aRay, Siddhartha Guha
942 _2ddc
_cEN
_mCHA
_h954.09
999 _c98030
_d98030